000 00418nam a2200133Ia 4500
008 151001s9999||||xx |||||||||||||| ||und||
100 _aबहादूर राय
245 _aवीर शिरोमणी महाराणा प्रतापसिंह
250 _a2
260 _bराजस्थानी ग्रंथागार
260 _c2001
300 _a53
365 _b21
999 _c978016
_d978013